Catalog

Record Details

Catalog Search



Stanford University Cover Image E-book E-book

Stanford University

Joncas, Richard. (author.). Neuman, David J. (author.). Turner, Paul V. (author.). SpringerLink (Online service) (Added Author).

Record details

  • ISBN: 9781568986647
  • Physical Description: electronic
    electronic resource
    access
    remote
    IX, 191 p. online resource.
  • Edition: second edition.
  • Publisher: New York, NY : Princeton Archit.Press, 2006.
Subject: Architecture
Architecture / Design
Architecture, general

Electronic resources


LDR 01386nam a22003975i 4500
00124241
003CONS
00520131224063346.0
007cr nn 008mamaa
008100301s2006 xxu| s |||| 0|eng d
020 . ‡a9781568986647 ‡9978-1-56898-664-7
0247 . ‡a10.1007/1-56898-664-5 ‡2doi
035 . ‡a(DE-He213)978-1-56898-664-7
050 4. ‡aNA1-9428
072 7. ‡aAM ‡2bicssc
072 7. ‡aARC000000 ‡2bisacsh
1001 . ‡aJoncas, Richard. ‡eauthor.
24510. ‡aStanford University ‡h[electronic resource] / ‡cby Richard Joncas, David J. Neuman, Paul V. Turner.
250 . ‡asecond edition.
264 1. ‡aNew York, NY : ‡bPrinceton Archit.Press, ‡c2006.
300 . ‡aIX, 191 p. ‡bonline resource.
336 . ‡atext ‡btxt ‡2rdacontent
337 . ‡acomputer ‡bc ‡2rdamedia
338 . ‡aonline resource ‡bcr ‡2rdacarrier
347 . ‡atext file ‡bPDF ‡2rda
4901 . ‡aThe Campus Guide
650 0. ‡aArchitecture.
65014. ‡aArchitecture / Design.
65024. ‡aArchitecture, general.
7001 . ‡aNeuman, David J. ‡eauthor.
7001 . ‡aTurner, Paul V. ‡eauthor.
7102 . ‡aSpringerLink (Online service)
7730 . ‡tSpringer eBooks
77608. ‡iPrinted edition: ‡z9781568985381
830 0. ‡aThe Campus Guide
85640. ‡uhttp://biblioteca.ipicyt.edu.mx:2048/login?url=http://dx.doi.org/10.1007/1-56898-664-5 ‡yTexto completo ‡9CONS
950 . ‡aArchitecture and Design (Springer-11641)
901 . ‡a24241 ‡b ‡c24241 ‡tbiblio ‡sSystem Local

Additional Resources